[Event "Cheliabinsk Kurnosov Memorial rapid"]
[Site "Cheliabinsk"]
[Date "2016.05.26"]
[Round "1"]
[White "Riazantsev, Alexander"]
[Black "Kozirev, Alexander"]
[Result "1-0"]
[WhiteElo "2646"]
[BlackElo "2104"]
[PlyCount "55"]
[EventDate "2016.05.26"]
[EventType "swiss (rapid)"]
[EventRounds "11"]
[EventCountry "RUS"]
[SourceTitle "CBM 172 Extra"]
[Source "ChessBase"]
[SourceDate "2016.06.21"]
[SourceVersion "1"]
[SourceVersionDate "2016.06.21"]
[SourceQuality "1"]

1. d4 d5 2. c4 c6 3. Nf3 Nf6 4. Nc3 e6 5. e3 Nbd7 6. a4 a5 7. Bd3 Bd6 8. e4 dxe4 9. Nxe4 Nxe4 10. Bxe4 Bb4+ 11. Bd2 Nf6 12. Bc2 Bxd2+ 13. Qxd2 b6 14. 0-0 Bb7 15. Qe3 0-0 16. Ne5 Qd6 17. c5 Qc7 18. Rfe1 Ba6 19. Be4 Nxe4 20. Qxe4 Rac8 21. cxb6 Qxb6 22. Nd7 Qxb2 23. Nxf8 Rxf8 24. Qxc6 Bb7 25. Qb5 Qxb5 26. axb5 Ra8 27. Rec1 Bd5 28. Rxa5 1-0

[Event "Cheliabinsk Kibizov Memorial 8th"]
[Site "Cheliabinsk"]
[Date "2013.06.30"]
[Round "9"]
[White "Matsenko, Andrei"]
[Black "Kozirev, Alexander"]
[Result "1-0"]
[WhiteElo "2224"]
[BlackElo "2227"]
[PlyCount "91"]
[EventDate "2013.06.22"]
[EventType "swiss"]
[EventRounds "9"]
[EventCountry "RUS"]
[SourceTitle "EXT 2014"]
[Source "ChessBase"]
[SourceDate "2013.11.20"]
[SourceVersion "1"]
[SourceVersionDate "2013.11.20"]
[SourceQuality "1"]

1. e4 c5 2. Nf3 Nc6 3. d4 cxd4 4. Nxd4 Nf6 5. Nc3 e5 6. Ndb5 d6 7. Bg5 a6 8. Na3 b5 9. Nd5 Be7 10. Bxf6 Bxf6 11. c4 b4 12. Nc2 0-0 13. g3 Bg5 14. Bg2 a5 15. 0-0 Be6 16. Qd3 Bxd5 17. Qxd5 Qb6 18. Rad1 a4 19. b3 axb3 20. axb3 Ra2 21. Qd3 Na5 22. Ra1 Rb2 23. Rab1 Rxb1 24. Rxb1 Nb7 25. Qd5 Nc5 26. h4 Bh6 27. Ne1 g6 28. Bh3 Rd8 29. Kg2 Qa6 30. Nd3 Nxd3 31. Qxd3 Ra8 32. Bd7 Qb6 33. Ba4 Ra5 34. Rd1 Bf8 35. Qf3 h5 36. g4 hxg4 37. Qxg4 Qd8 38. Rd3 Bh6 39. Rg3 Bf4 40. Rd3 Kg7 41. h5 Qh8 42. Rh3 g5 43. h6+ Kf6 44. Qd7 Ra6 45. Bc6 g4 46. Rh5 1-0

[Event "Cheliabinsk Kibizov Memorial 8th"]
[Site "Cheliabinsk"]
[Date "2013.06.29"]
[Round "8"]
[White "Mamontova, Anastasia"]
[Black "Kozirev, Alexander"]
[Result "0-1"]
[WhiteElo "1700"]
[BlackElo "2227"]
[PlyCount "96"]
[EventDate "2013.06.22"]
[EventType "swiss"]
[EventRounds "9"]
[EventCountry "RUS"]
[SourceTitle "EXT 2014"]
[Source "ChessBase"]
[SourceDate "2013.11.20"]
[SourceVersion "1"]
[SourceVersionDate "2013.11.20"]
[SourceQuality "1"]

1. e4 c5 2. Nf3 Nc6 3. Nc3 g6 4. d4 cxd4 5. Nxd4 Bg7 6. Be3 Nf6 7. Be2 0-0 8. 0-0 b6 9. f4 Bb7 10. Bf3 Na5 11. Qd3 Rc8 12. e5 Ne8 13. Bxb7 Nxb7 14. Ndb5 Ra8 15. Qe4 Na5 16. Rfd1 a6 17. Na3 Rb8 18. Nd5 f6 19. Nxb6 Rxb6 20. Qd5+ e6 21. Qxa5 Rb8 22. Qxd8 Rxd8 23. exf6 Bxf6 24. c3 d5 25. Nc2 Rb8 26. Rab1 Nd6 27. Bc5 Rfd8 28. Nb4 Ne4 29. Bd4 Bxd4+ 30. Rxd4 Rd6 31. Re1 Rdb6 32. Nd3 Rc8 33. c4 dxc4 34. Ne5 c3 35. bxc3 Nxc3 36. a3 Rb2 37. Rb4 Ra2 38. Nf3 Nd5 39. Rbe4 Rcc2 40. Kh1 Rxg2 41. Nd4 Rxh2+ 42. Kg1 Rag2+ 43. Kf1 Rf2+ 44. Kg1 Nxf4 45. Rxf4 Rxf4 46. Kxh2 Rxd4 47. Rxe6 Ra4 48. Re3 h5 0-1

[Event "Cheliabinsk-ch final"]
[Site "Cheliabinsk"]
[Date "2013.01.17"]
[Round "2"]
[White "Kozirev, Alexander"]
[Black "Polosin, Evgeni"]
[Result "0-1"]
[WhiteElo "2219"]
[BlackElo "2045"]
[PlyCount "138"]
[EventDate "2013.01.15"]
[EventType "swiss"]
[EventRounds "9"]
[EventCountry "RUS"]
[SourceTitle "EXT 2014"]
[Source "ChessBase"]
[SourceDate "2013.11.20"]
[SourceVersion "1"]
[SourceVersionDate "2013.11.20"]
[SourceQuality "1"]

1. e4 e5 2. Nf3 Nc6 3. Bb5 a6 4. Ba4 Nge7 5. 0-0 g6 6. c3 Bg7 7. d4 exd4 8. cxd4 b5 9. Bb3 d6 10. Nc3 0-0 11. h3 Bb7 12. Nd5 Na5 13. Bg5 Bxd5 14. Bxd5 c6 15. Bb3 h6 16. Bh4 Nxb3 17. Qxb3 Qd7 18. Rfe1 Rfe8 19. Rad1 g5 20. Bg3 Ng6 21. Nh2 Rad8 22. f3 Kh7 23. Qc2 Rc8 24. Ng4 Qe6 25. Ne3 c5 26. d5 Qd7 27. Nf5 Be5 28. Bxe5 Rxe5 29. g3 Ree8 30. Kg2 Ne7 31. Ne3 Ng6 32. Rh1 a5 33. b3 Ra8 34. h4 gxh4 35. Ng4 Qe7 36. Qb2 Ne5 37. Rxh4 Nxg4 38. Rxg4 f5 39. Rf4 fxe4 40. Rxe4 Qg7 41. Qe2 Rxe4 42. Qxe4+ Qg6 43. Qe7+ Kg8 44. Re1 Rf8 45. Re4 Qf6 46. Rg4+ Kh8 47. Qe3 Kh7 48. Re4 Qf5 49. Re6 Qc2+ 50. Kh3 Qf5+ 51. Kh4 Rf6 52. f4 h5 53. Qe4 Qxe4 54. Rxe4 Rf5 55. Re7+ Kg8 56. Ra7 a4 57. bxa4 bxa4 58. Rxa4 Rxd5 59. Ra7 c4 60. Ra3 Rc5 61. Rc3 d5 62. f5 d4 63. Rc1 d3 64. Kg5 Kf7 65. Rb1 Rc7 66. Rh1 d2 67. Rxh5 d1Q 68. Rh7+ Kg8 69. Rxc7 Qd8+ 0-1

[Event "Cheliabinsk-ch final"]
[Site "Cheliabinsk"]
[Date "2013.01.15"]
[Round "1"]
[White "Litvinenko, Ekaterina"]
[Black "Kozirev, Alexander"]
[Result "1/2-1/2"]
[WhiteElo "1946"]
[BlackElo "2219"]
[PlyCount "38"]
[EventDate "2013.01.15"]
[EventType "swiss"]
[EventRounds "9"]
[EventCountry "RUS"]
[SourceTitle "EXT 2014"]
[Source "ChessBase"]
[SourceDate "2013.11.20"]
[SourceVersion "1"]
[SourceVersionDate "2013.11.20"]
[SourceQuality "1"]

1. e4 e5 2. Nf3 Nc6 3. Bb5 a6 4. Ba4 Nf6 5. 0-0 Be7 6. Re1 b5 7. Bb3 0-0 8. c3 d5 9. exd5 Nxd5 10. Nxe5 Nxe5 11. Rxe5 c6 12. d4 Bd6 13. Re1 Qh4 14. g3 Qh3 15. Be3 Bg4 16. Qd3 Rae8 17. Nd2 f5 18. f4 Re6 19. Qf1 Qh5 1/2-1/2

[Event "Urals-ch"]
[Site "Satka"]
[Date "2012.04.01"]
[Round "9"]
[White "Kozirev, Alexander"]
[Black "Bezzubenkov, Sergej"]
[Result "1/2-1/2"]
[WhiteElo "2256"]
[BlackElo "2181"]
[PlyCount "126"]
[EventDate "2012.03.24"]
[EventType "swiss"]
[EventRounds "9"]
[EventCountry "RUS"]
[SourceTitle "CBM 147 Extra"]
[Source "ChessBase"]
[SourceDate "2012.04.24"]
[SourceVersion "1"]
[SourceVersionDate "2012.04.24"]
[SourceQuality "1"]

1. e4 e5 2. Nf3 Nc6 3. Bb5 a6 4. Ba4 Nf6 5. 0-0 Bc5 6. c3 b5 7. Bc2 d6 8. a4 Rb8 9. d4 Bb6 10. axb5 axb5 11. Na3 Bg4 12. d5 Ne7 13. Nxb5 Ng6 14. h3 Bd7 15. Na3 Nf4 16. Nc4 g5 17. Nxb6 Rxb6 18. Nh2 Ke7 19. c4 Qg8 20. Ra3 Qg6 21. Re1 Rg8 22. Ree3 Qh6 23. Ra7 g4 24. Rxc7 gxh3 25. g3 Ra6 26. Bd2 Rga8 27. Re1 Ra1 28. Bb1 Qg6 29. Bxf4 Kd8 30. Rxd7+ Kxd7 31. Bd2 Nxe4 32. Nf1 f5 33. Qf3 Rxb1 34. Rxb1 f4 35. Re1 Ng5 36. Qb3 Rc8 37. Ba5 Ke8 38. Nh2 Kf8 39. Kh1 Ra8 40. Bb4 Ne4 41. Qf3 Ng5 42. Qg4 h5 43. Qd7 Ne4 44. Rf1 Kg8 45. Qxh3 fxg3 46. Qe6+ Qxe6 47. dxe6 gxh2 48. Kxh2 Rc8 49. f3 Nc5 50. f4 exf4 51. Bxc5 Rxc5 52. Rxf4 Re5 53. b4 Rxe6 54. Kg3 Re3+ 55. Kh4 Rb3 56. b5 d5 57. cxd5 Rxb5 58. Rf5 Kg7 59. Kxh5 Rb1 60. Kg5 Rd1 61. Kf4 Kg6 62. Rg5+ Kf6 63. Rh5 Ke7 1/2-1/2

[Event "Urals-ch"]
[Site "Satka"]
[Date "2012.03.25"]
[Round "2"]
[White "Kozirev, Alexander"]
[Black "Chuprov, Dmitry"]
[Result "0-1"]
[WhiteElo "2256"]
[BlackElo "2464"]
[PlyCount "115"]
[EventDate "2012.03.24"]
[EventType "swiss"]
[EventRounds "9"]
[EventCountry "RUS"]
[SourceTitle "CBM 147 Extra"]
[Source "ChessBase"]
[SourceDate "2012.04.24"]
[SourceVersion "1"]
[SourceVersionDate "2012.04.24"]
[SourceQuality "1"]

1. e4 c5 2. Nf3 d6 3. d4 cxd4 4. Nxd4 Nf6 5. Nc3 g6 6. Be3 Bg7 7. f3 a6 8. Qd2 b5 9. a4 bxa4 10. Rxa4 0-0 11. Be2 Nbd7 12. 0-0 Nc5 13. Ra3 Qc7 14. Nb3 Nxb3 15. Rxb3 Be6 16. Nd5 Bxd5 17. exd5 Rfb8 18. Rxb8+ Qxb8 19. b4 Nd7 20. Rc1 Qc7 21. c4 a5 22. Qa2 Qd8 23. b5 a4 24. Qa3 Qa5 25. Kf1 Nc5 26. Bd1 h5 27. g3 Bf6 28. Rc2 Nb3 29. Ra2 Qc3 30. Bxb3 Qxe3 31. Bxa4 Qd4 32. Qb3 Kg7 33. b6 Rb8 34. b7 Rxb7 35. Qxb7 Qxc4+ 36. Re2 Qxa4 37. Kg2 Qc4 38. Rf2 Qd3 39. h4 Bd4 40. Ra2 Qd1 41. Qxe7 Qg1+ 42. Kh3 Qf1+ 43. Rg2 Qh1+ 44. Rh2 Qxf3 45. Qxd6 Qg4+ 46. Kg2 Qe4+ 47. Kh3 Bg1 48. Qd7 Qg4+ 49. Qxg4 hxg4+ 50. Kg2 Bxh2 51. Kxh2 Kf6 52. Kg2 Ke5 53. Kf2 Kxd5 54. Ke3 Ke5 55. Kd3 f6 56. Ke3 f5 57. Ke2 Ke4 58. Kf2 0-1

[Event "Urals-ch"]
[Site "Satka"]
[Date "2012.03.24"]
[Round "1"]
[White "Genkel, Dmitriy"]
[Black "Kozirev, Alexander"]
[Result "0-1"]
[WhiteElo "1847"]
[BlackElo "2256"]
[PlyCount "90"]
[EventDate "2012.03.24"]
[EventType "swiss"]
[EventRounds "9"]
[EventCountry "RUS"]
[SourceTitle "CBM 147 Extra"]
[Source "ChessBase"]
[SourceDate "2012.04.24"]
[SourceVersion "1"]
[SourceVersionDate "2012.04.24"]
[SourceQuality "1"]

1. e4 c5 2. Nf3 Nc6 3. d4 cxd4 4. Nxd4 Nf6 5. Nc3 e5 6. Ndb5 d6 7. Bg5 a6 8. Na3 b5 9. Nd5 Be7 10. Bxf6 Bxf6 11. c3 0-0 12. h4 Be6 13. Nc2 Bxd5 14. exd5 Nb8 15. a4 bxa4 16. Rxa4 Nd7 17. Nb4 a5 18. Nc6 Qb6 19. b4 axb4 20. cxb4 e4 21. Rh3 Ne5 22. Nxe5 Bxe5 23. Rha3 Rac8 24. Qd2 f5 25. Ra6 Qd8 26. h5 h6 27. Bb5 f4 28. Bc6 Qh4 29. Rh3 Qf6 30. Kf1 Qg5 31. f3 e3 32. Qc2 Bd4 33. Qg6 Qd8 34. b5 Rb8 35. Ke2 Rf6 36. Qe4 Bc5 37. Kd1 Qc7 38. Ke2 Qf7 39. Kd1 Kh8 40. Ke2 Rf5 41. Qe6 Qf8 42. Rh4 Re5 43. Qg6 Rg5 44. Qe4 Rxg2+ 45. Ke1 Qf6 0-1

[Event "Cheliabinsk Region-ch"]
[Site "Cheliabinsk"]
[Date "2012.02.22"]
[Round "5"]
[White "Kozirev, Alexander"]
[Black "Suknev, Sergei V"]
[Result "0-1"]
[WhiteElo "2247"]
[BlackElo "2168"]
[PlyCount "43"]
[EventDate "2012.02.18"]
[EventType "swiss"]
[EventRounds "9"]
[EventCountry "RUS"]
[SourceTitle "EXT 2014"]
[Source "ChessBase"]
[SourceDate "2013.11.20"]
[SourceVersion "1"]
[SourceVersionDate "2013.11.20"]
[SourceQuality "1"]

1. e4 g6 2. d4 Bg7 3. Nc3 d6 4. f4 a6 5. Nf3 Bg4 6. Be3 Nc6 7. d5 Bxf3 8. Qxf3 Nb8 9. Bc4 b5 10. Bb3 Nd7 11. 0-0 Nc5 12. e5 Nxb3 13. axb3 f5 14. exf6 Nxf6 15. f5 gxf5 16. Qxf5 Qd7 17. Qg5 0-0 18. Bd4 h6 19. Qg6 Qg4 20. Qxg4 Nxg4 21. Bxg7 Rxf1+ 22. Rxf1 0-1

[Event "Cheliabinsk Region-ch"]
[Site "Cheliabinsk"]
[Date "2012.02.21"]
[Round "4"]
[White "Khazhipov, Timur"]
[Black "Kozirev, Alexander"]
[Result "1/2-1/2"]
[WhiteElo "2002"]
[BlackElo "2247"]
[PlyCount "42"]
[EventDate "2012.02.18"]
[EventType "swiss"]
[EventRounds "9"]
[EventCountry "RUS"]
[SourceTitle "EXT 2014"]
[Source "ChessBase"]
[SourceDate "2013.11.20"]
[SourceVersion "1"]
[SourceVersionDate "2013.11.20"]
[SourceQuality "1"]

1. e4 c5 2. Nf3 Nc6 3. d4 cxd4 4. Nxd4 Nf6 5. Nc3 e5 6. Ndb5 d6 7. Bg5 a6 8. Na3 b5 9. Nd5 Be7 10. Bxf6 Bxf6 11. c4 b4 12. Nc2 0-0 13. b3 a5 14. g3 Bg5 15. Bg2 Ne7 16. Nxe7+ Qxe7 17. 0-0 Bb7 18. Qd3 Qc7 19. Rad1 Rfd8 20. Kh1 Qc5 21. h4 Bf6 1/2-1/2

[Event "Cheliabinsk Region-ch"]
[Site "Cheliabinsk"]
[Date "2012.02.20"]
[Round "3"]
[White "Kozirev, Alexander"]
[Black "Baigildin, Albert"]
[Result "1/2-1/2"]
[WhiteElo "2247"]
[BlackElo "2187"]
[PlyCount "45"]
[EventDate "2012.02.18"]
[EventType "swiss"]
[EventRounds "9"]
[EventCountry "RUS"]
[SourceTitle "EXT 2014"]
[Source "ChessBase"]
[SourceDate "2013.11.20"]
[SourceVersion "1"]
[SourceVersionDate "2013.11.20"]
[SourceQuality "1"]

1. e4 e5 2. Nf3 Nc6 3. Bb5 a6 4. Ba4 Nf6 5. 0-0 Be7 6. Re1 b5 7. Bb3 0-0 8. a4 Bb7 9. d3 d6 10. Nc3 Na5 11. Ba2 b4 12. Ne2 c5 13. Ng3 Bc8 14. Nd2 Be6 15. Nc4 Nxc4 16. Bxc4 Qd7 17. h3 Rfe8 18. Qf3 Bxc4 19. dxc4 Qe6 20. b3 Nd7 21. Nf5 Bf8 22. Ne3 Nb8 23. Nd5 1/2-1/2

[Event "Samara Polugaevsky Memorial 1st"]
[Site "Samara"]
[Date "2011.07.08"]
[Round "4"]
[White "Yakovich, Yuri"]
[Black "Kozirev, Alexander"]
[Result "1-0"]
[WhiteElo "2539"]
[BlackElo "2269"]
[PlyCount "89"]
[EventDate "2011.07.05"]
[EventType "swiss"]
[EventRounds "9"]
[EventCountry "RUS"]
[SourceTitle "CBM 143 Extra"]
[Source "ChessBase"]
[SourceDate "2011.08.29"]
[SourceVersion "1"]
[SourceVersionDate "2011.08.29"]
[SourceQuality "1"]

1. e4 c5 2. Nf3 Nc6 3. Nc3 g6 4. d4 cxd4 5. Nxd4 Bg7 6. Be3 Nf6 7. Be2 0-0 8. Nb3 b6 9. 0-0 Bb7 10. f3 d5 11. Nxd5 Nxd5 12. exd5 Nb4 13. c4 Bxb2 14. Rb1 Bg7 15. Qd2 Na6 16. a4 Qd6 17. a5 Bc8 18. Rfe1 Bf5 19. Rbc1 Nc5 20. Qa2 Be5 21. h3 Bh2+ 22. Kh1 Bg3 23. Red1 Rfc8 24. Nd4 Bd7 25. Rb1 Qf6 26. Qd2 Bc7 27. Nb5 Bxb5 28. Rxb5 Qd6 29. f4 a6 30. Rbb1 bxa5 31. Bg4 Rcb8 32. Qd4 Nb3 33. c5 Qd8 34. Qd3 a4 35. d6 exd6 36. cxd6 Bb6 37. d7 Nc5 38. Bxc5 Bxc5 39. Bf3 Rxb1 40. Rxb1 Ra7 41. Rb8 Qxb8 42. d8N Qxd8 43. Qxd8+ Kg7 44. Qa5 Bf8 45. Qxa4 1-0

[Event "Cheliabinsk Kibizov Memorial 6th"]
[Site "Cheliabinsk"]
[Date "2011.06.27"]
[Round "4"]
[White "Kozirev, Alexander"]
[Black "Shnayder, Violetta"]
[Result "1/2-1/2"]
[WhiteElo "2250"]
[BlackElo "1870"]
[PlyCount "56"]
[EventDate "2011.06.24"]
[EventType "swiss"]
[EventRounds "9"]
[EventCountry "RUS"]
[SourceTitle "EXT 2022"]
[Source "ChessBase"]
[SourceDate "2021.10.06"]
[SourceVersion "1"]
[SourceVersionDate "2021.10.06"]
[SourceQuality "1"]

1. e4 c5 2. Nf3 Nc6 3. d4 cxd4 4. Nxd4 Nf6 5. Nc3 e6 6. Ndb5 Bb4 7. a3 Bxc3+ 8. Nxc3 d5 9. exd5 exd5 10. Bd3 0-0 11. 0-0 d4 12. Ne2 Bg4 13. f3 Be6 14. Bg5 h6 15. Bh4 Kh8 16. Re1 Bd5 17. Qd2 Qd6 18. Bg3 Qd7 19. Bb5 Be6 20. Be5 Qe7 21. Bxc6 bxc6 22. Nxd4 Rfd8 23. Qf4 Ng8 24. Bxg7+ Kxg7 25. Nf5+ Bxf5 26. Rxe7 Nxe7 27. Qe5+ Kf8 28. Re1 Be6 1/2-1/2

[Event "Cheliabinsk Kibizov Memorial 6th"]
[Site "Cheliabinsk"]
[Date "2011.06.24"]
[Round "1"]
[White "Krotiuk, Daria"]
[Black "Kozirev, Alexander"]
[Result "1/2-1/2"]
[WhiteElo "1906"]
[BlackElo "2250"]
[PlyCount "53"]
[EventDate "2011.06.24"]
[EventType "swiss"]
[EventRounds "9"]
[EventCountry "RUS"]
[SourceTitle "EXT 2022"]
[Source "ChessBase"]
[SourceDate "2021.10.06"]
[SourceVersion "1"]
[SourceVersionDate "2021.10.06"]
[SourceQuality "1"]

1. e4 c5 2. Nf3 Nc6 3. d4 cxd4 4. Nxd4 Nf6 5. Nc3 e5 6. Ndb5 d6 7. Bg5 a6 8. Na3 b5 9. Nd5 Be7 10. Bxf6 Bxf6 11. c4 b4 12. Nc2 0-0 13. Be2 Bg5 14. 0-0 Qa5 15. Qd3 Qc5 16. Rad1 Bd8 17. Qg3 Be6 18. b3 a5 19. Rd2 a4 20. Rfd1 axb3 21. axb3 Ra2 22. Nde3 Bb6 23. Rd5 Bxd5 24. Rxd5 Nd4 25. Nxd4 exd4 26. Nf5 g6 27. Ne7+ 1/2-1/2

[Event "UrFO-ch op"]
[Site "Cheliabinsk"]
[Date "2011.03.21"]
[Round "4"]
[White "Kozirev, Alexander"]
[Black "Tsvetkov, Pavel"]
[Result "0-1"]
[WhiteElo "2336"]
[BlackElo "2060"]
[PlyCount "96"]
[EventDate "2011.03.19"]
[EventType "swiss"]
[EventRounds "9"]
[EventCountry "RUS"]
[SourceTitle "EXT 2012"]
[Source "ChessBase"]
[SourceDate "2011.11.24"]
[SourceVersion "1"]
[SourceVersionDate "2011.11.24"]
[SourceQuality "1"]

1. e4 c5 2. Nf3 d6 3. d4 cxd4 4. Nxd4 Nf6 5. Nc3 g6 6. Be3 Bg7 7. f3 Nc6 8. Qd2 Bd7 9. 0-0-0 h5 10. h3 Rc8 11. Be2 Ne5 12. g4 Nc4 13. Bxc4 Rxc4 14. g5 Nh7 15. f4 0-0 16. f5 Qa5 17. Kb1 gxf5 18. Nd5 Qxd2 19. Nxe7+ Kh8 20. Rxd2 f4 21. Bf2 Nxg5 22. Re1 Bxd4 23. Rxd4 Rxd4 24. Bxd4+ Kh7 25. Bxa7 Bxh3 26. Nd5 f3 27. e5 dxe5 28. Rxe5 f6 29. Re7+ Kg6 30. a4 Bc8 31. Nf4+ Kh6 32. Bf2 f5 33. a5 Ne4 34. Be3 f2 35. Ne6+ f4 36. Bxf2 Rf6 37. Nxf4 Nxf2 38. Nd5 Re6 39. Rc7 Re1+ 40. Ka2 Be6 41. c4 h4 42. Rxb7 h3 43. Rb8 Kg7 44. Rb7+ Bf7 45. Nf4 h2 46. Nh5+ Kg6 47. Ng3 Bxc4+ 48. b3 Ne4 0-1

[Event "UrFO-ch op"]
[Site "Cheliabinsk"]
[Date "2011.03.20"]
[Round "3"]
[White "Suknev, Sergei V"]
[Black "Kozirev, Alexander"]
[Result "1-0"]
[WhiteElo "2155"]
[BlackElo "2336"]
[PlyCount "91"]
[EventDate "2011.03.19"]
[EventType "swiss"]
[EventRounds "9"]
[EventCountry "RUS"]
[SourceTitle "EXT 2012"]
[Source "ChessBase"]
[SourceDate "2011.11.24"]
[SourceVersion "1"]
[SourceVersionDate "2011.11.24"]
[SourceQuality "1"]

1. c4 e6 2. Nf3 d5 3. e3 Nf6 4. b3 Bd6 5. Bb2 Nbd7 6. Be2 0-0 7. 0-0 Re8 8. d4 b6 9. Ne5 Bb7 10. Bf3 Ne4 11. g3 f6 12. Nxd7 Qxd7 13. Nc3 f5 14. Bg2 a6 15. Ne2 Rad8 16. Rc1 Qe7 17. Qc2 c6 18. f3 Nf6 19. c5 bxc5 20. dxc5 Bb8 21. b4 g6 22. a4 e5 23. Qb3 Ba7 24. Ba3 Nd7 25. Rc2 Rb8 26. Qc3 Bc8 27. Kh1 Nf6 28. Bb2 d4 29. Qc4+ Nd5 30. Nxd4 exd4 31. Qxd4 Kf7 32. e4 Nf6 33. e5 Nh5 34. g4 Ng7 35. f4 fxg4 36. f5 Bxf5 37. e6+ Nxe6 38. Qxg4 Qg5 39. Qc4 Rbc8 40. Qxa6 Bb8 41. Rcf2 Kg8 42. Bxc6 Rf8 43. Bd5 Rce8 44. Bxe6+ Rxe6 45. Qxe6+ Rf7 46. Rxf5 1-0

[Event "UrFO-ch op"]
[Site "Cheliabinsk"]
[Date "2011.03.19"]
[Round "1"]
[White "Gorbushin, Maksim"]
[Black "Kozirev, Alexander"]
[Result "1-0"]
[WhiteElo "2096"]
[BlackElo "2336"]
[PlyCount "69"]
[EventDate "2011.03.19"]
[EventType "swiss"]
[EventRounds "9"]
[EventCountry "RUS"]
[SourceTitle "EXT 2012"]
[Source "ChessBase"]
[SourceDate "2011.11.24"]
[SourceVersion "1"]
[SourceVersionDate "2011.11.24"]
[SourceQuality "1"]

1. c4 e6 2. g3 d5 3. Bg2 Nf6 4. Nf3 dxc4 5. Qa4+ Nbd7 6. 0-0 a6 7. Qxc4 c5 8. d4 b5 9. Qc2 Bb7 10. a4 Be7 11. axb5 axb5 12. Rxa8 Qxa8 13. Qb3 cxd4 14. Qxb5 0-0 15. Nh4 Bxg2 16. Nxg2 Rb8 17. Qd3 e5 18. Na3 Qd5 19. Rd1 Nc5 20. Qc4 Qb7 21. Ne1 h6 22. Nf3 Nfd7 23. Ne1 Nb3 24. Qc2 Rc8 25. Qb1 Qa6 26. Nd3 g5 27. f3 Nf6 28. Qa2 Rb8 29. Bd2 e4 30. fxe4 Nxe4 31. Bb4 Qe6 32. Bxe7 Qxe7 33. Nc4 Nec5 34. Nxc5 Qe3+ 35. Kf1 1-0

[Event "Cheliabinsk-ch"]
[Site "Cheliabinsk"]
[Date "2011.01.26"]
[Round "9"]
[White "Frolov, Ivan"]
[Black "Kozirev, Alexander"]
[Result "1-0"]
[WhiteElo "2202"]
[BlackElo "2361"]
[PlyCount "128"]
[EventDate "2011.01.13"]
[EventType "swiss"]
[EventRounds "9"]
[EventCountry "RUS"]
[SourceTitle "EXT 2012"]
[Source "ChessBase"]
[SourceDate "2011.11.24"]
[SourceVersion "1"]
[SourceVersionDate "2011.11.24"]
[SourceQuality "1"]

1. Nf3 d5 2. g3 Nf6 3. Bg2 Bf5 4. d3 e6 5. 0-0 c6 6. Nbd2 Be7 7. Qe1 h6 8. e4 Bh7 9. Ne5 0-0 10. f4 dxe4 11. dxe4 Na6 12. Nb3 Nc5 13. Nxc5 Bxc5+ 14. Kh1 Bd4 15. Nd3 Qd7 16. c3 Bb6 17. Ne5 Qe7 18. Qe2 Rfd8 19. a4 a5 20. Be3 Bc7 21. Bd4 c5 22. Bg1 Bxe5 23. fxe5 Nd7 24. Qb5 b6 25. Rad1 Rab8 26. Rd6 Nxe5 27. Rxb6 Rxb6 28. Qxb6 Nc4 29. Qb5 Ne5 30. Bxc5 Qg5 31. Bd4 Ng4 32. Qxg5 hxg5 33. h3 Nf6 34. Re1 Rb8 35. Re2 Nd7 36. e5 Kf8 37. Bc6 Ke7 38. Rd2 Rc8 39. Bxd7 Kxd7 40. Bb6+ Ke8 41. Bxa5 Be4+ 42. Kg1 Ra8 43. b4 Bd5 44. Kf2 f6 45. Ke3 Bb3 46. Rd6 Kf7 47. Bd8 Bxa4 48. c4 Bb3 49. Kd4 g4 50. hxg4 fxe5+ 51. Kc3 Ba2 52. Ba5 e4 53. c5 Ke7 54. Kd4 Bd5 55. g5 Ra7 56. g6 Ra8 57. g4 Kf6 58. c6 Ra6 59. Rxd5 exd5 60. c7 Ra8 61. b5 e3 62. Kxe3 Ke6 63. b6 Kd7 64. b7 Re8+ 1-0

[Event "Cheliabinsk-ch"]
[Site "Cheliabinsk"]
[Date "2011.01.22"]
[Round "6"]
[White "Kozirev, Alexander"]
[Black "Bashkov, Viacheslav"]
[Result "0-1"]
[WhiteElo "2361"]
[BlackElo "2307"]
[PlyCount "64"]
[EventDate "2011.01.13"]
[EventType "swiss"]
[EventRounds "9"]
[EventCountry "RUS"]
[SourceTitle "EXT 2012"]
[Source "ChessBase"]
[SourceDate "2011.11.24"]
[SourceVersion "1"]
[SourceVersionDate "2011.11.24"]
[SourceQuality "1"]

1. e4 c5 2. Nf3 e6 3. d4 cxd4 4. Nxd4 a6 5. Bd3 Bc5 6. Nb3 Be7 7. 0-0 d6 8. f4 Qc7 9. Qe2 Nd7 10. Nc3 Ngf6 11. Bd2 0-0 12. Rae1 g6 13. e5 Nh5 14. Rf3 b5 15. Rh3 Ng7 16. Nd1 Bb7 17. Nf2 Rac8 18. Ng4 f5 19. exf6 Nxf6 20. Nh6+ Kh8 21. Bc3 Rce8 22. Nd4 e5 23. fxe5 dxe5 24. Qxe5 Bd6 25. Qg5 Rxe1+ 26. Bxe1 Bf4 27. Qh4 Ngh5 28. Bb4 Re8 29. Ng4 g5 30. Nxf6 gxh4 31. Nxe8 Qe5 32. Bc3 Be3+ 0-1

[Event "Cheliabinsk Postovalov Memorial 5th"]
[Site "Cheliabinsk"]
[Date "2011.01.09"]
[Round "7"]
[White "Kozirev, Alexander"]
[Black "Zangirov, Yan"]
[Result "1-0"]
[WhiteElo "2361"]
[BlackElo "2155"]
[PlyCount "45"]
[EventDate "2011.01.06"]
[EventType "swiss"]
[EventRounds "9"]
[EventCountry "RUS"]
[SourceTitle "CBM 140 Extra"]
[Source "ChessBase"]
[SourceDate "2011.03.01"]
[SourceVersion "1"]
[SourceVersionDate "2011.03.01"]
[SourceQuality "1"]

1. e4 d5 2. exd5 Qxd5 3. Nc3 Qa5 4. d4 c6 5. Nf3 Nf6 6. Bc4 Bg4 7. h3 Bh5 8. g4 Bg6 9. Bd2 Nbd7 10. Qe2 e6 11. 0-0-0 Qc7 12. h4 h5 13. g5 Ng8 14. d5 cxd5 15. Nxd5 Qd8 16. Nf4 Bf5 17. Nd4 Qe7 18. Nxf5 exf5 19. Qd3 0-0-0 20. Qxf5 Qe5 21. Qxf7 Nh6 22. gxh6 Rxh6 23. Nd3 1-0

[Event "Cheliabinsk Postovalov Memorial 5th"]
[Site "Cheliabinsk"]
[Date "2011.01.09"]
[Round "8"]
[White "Matsenko, Vadim"]
[Black "Kozirev, Alexander"]
[Result "0-1"]
[WhiteElo "2134"]
[BlackElo "2361"]
[PlyCount "70"]
[EventDate "2011.01.06"]
[EventType "swiss"]
[EventRounds "9"]
[EventCountry "RUS"]
[SourceTitle "CBM 140 Extra"]
[Source "ChessBase"]
[SourceDate "2011.03.01"]
[SourceVersion "1"]
[SourceVersionDate "2011.03.01"]
[SourceQuality "1"]

1. e4 c5 2. Nf3 Nc6 3. Bb5 g6 4. Bxc6 dxc6 5. Nc3 Bg7 6. 0-0 e5 7. d3 Qe7 8. Bg5 f6 9. Be3 Nh6 10. a3 b6 11. h3 Nf7 12. Qd2 0-0 13. b4 f5 14. Qe2 f4 15. Bd2 h5 16. bxc5 Qxc5 17. Na2 Qd6 18. c3 c5 19. d4 g5 20. Nxe5 Nxe5 21. dxe5 Qg6 22. f3 Bxe5 23. Kf2 g4 24. hxg4 hxg4 25. Ke1 Be6 26. Kd1 Rad8 27. Kc2 Rd7 28. Rfd1 Rfd8 29. Kb2 Qf7 30. Be1 Rxd1 31. Rxd1 Rxd1 32. Qxd1 gxf3 33. Qd8+ Kh7 34. Qh4+ Kg6 35. gxf3 Bf6 0-1